书目信息 |
| 题名: |
从小说到电影
|
|
| 作者: | 陈林侠 著 | |
| 分册: | ||
| 出版信息: | 北京 中国社会科学出版社 2011.7 |
|
| 页数: | 321页 | |
| 开本: | 24cm | |
| 丛书名: | 传媒与文化研究丛书 | |
| 单 册: | ||
| 中图分类: | I053.5 | |
| 科图分类: | ||
| 主题词: | 电影改编 , 电视文学创作 | |
| 电子资源: | ||
| ISBN: | 978-7-5004-9706-6 | |
| 000 | 01158oam2 2200289 45 | |
| 001 | 515 | |
| 005 | 20120601082842.07 | |
| 010 | @a978-7-5004-9706-6@dCNY43.00 | |
| 100 | @a20120328d2011 em y0chiy50 ea | |
| 101 | 0 | @achi |
| 102 | @aCN@b110000 | |
| 105 | @ay z 000yy | |
| 106 | @ar | |
| 200 | 1 | @a从小说到电影@ACong Xiao Shuo Dao Dian Ying@e影视改编的综合研究@EYing Shi Gai Bian De Zong He Yan Jiu@dFrom fiction to film@ethe comprehensive research on the adaption of film and television@f陈林侠著@FChen Lin Xia Zhu@zeng@9cong xiao shuo dao dian ying |
| 210 | @a北京@c中国社会科学出版社@d2011.7 | |
| 215 | @a321页@d24cm | |
| 225 | 2 | @a传媒与文化研究丛书 |
| 330 | @a本书分为三编,小说与影视叙事的文化研究、改编的叙事研究、改编的文本研究。 | |
| 461 | 0 | @12001 @a传媒与文化研究丛书 |
| 510 | 1 | @aFrom fiction to film@ethe comprehensive research on the adaption of film and television@zeng |
| 517 | 1 | @a影视改编的综合研究@AYing Shi Gai Bian De Zong He Yan Jiu |
| 606 | 0 | @a电影改编 |
| 606 | 0 | @a电视文学创作 |
| 690 | @aI053.5@v4 | |
| 701 | 0 | @a陈林侠@AChen Lin Xia@4著 |
| 801 | 0 | @aCN@bTSTCL@c20120328 |
| 905 | @b0813783-89@dI053.5@e183@f7 | |
| 从小说到电影:影视改编的综合研究=From fiction to film:the comprehensive research on the adaption of film and television/陈林侠著.-北京:中国社会科学出版社,2011.7 |
| 321页;24cm.-(传媒与文化研究丛书) |
| ISBN 978-7-5004-9706-6:CNY43.00 |
| 本书分为三编,小说与影视叙事的文化研究、改编的叙事研究、改编的文本研究。 |
| ● |
| 相关链接 |
|
|
|
|
正题名:从小说到电影
索取号:I053.5/183
 
预约/预借
| 序号 | 登录号 | 条形码 | 馆藏地/架位号 | 状态 | 备注 |
| 1 | 0813783 | 208137835 | 第一样本阅览室/ [索取号:I053.5/183] | 在馆 | |
| 2 | 0813784 | 208137844 | 第二借阅区/ [索取号:I053.5/183] | 在馆 | |
| 3 | 0813785 | 208137853 | 第二借阅区/ [索取号:I053.5/183] | 在馆 | |
| 4 | 0813786 | 208137862 | 第二借阅区/ [索取号:I053.5/183] | 在馆 | |
| 5 | 0813787 | 208137871 | 第二借阅区/ [索取号:I053.5/183] | 在馆 | |
| 6 | 0813788 | 208137880 | 第二借阅区/ [索取号:I053.5/183] | 在馆 | |
| 7 | 0813789 | 208137899 | 第二借阅区/ [索取号:I053.5/183] | 在馆 |